Statistics for Countries by most Exports

Click here to take the quiz!

General Stats

  • This quiz has been taken 46 times
  • The average score is 19 of 21

Answers on the Map

Answers color-coded by a green-red scale on the quiz's map according to % correct below.
 

Answer Stats

#Answer% Correct
1China
100%
6France
100%
3Germany
100%
19India
100%
8Italy
100%
11Mexico
100%
15Russia
100%
18Spain
100%
9United Kingdom
100%
10Canada
98%
4Japan
98%
2United States
98%
20Saudi Arabia
95%
5South Korea
95%
17Belgium
88%
7Netherlands
86%
21Thailand
79%
16United Arab Emirates
71%
14Switzerland
64%
13Taiwan
62%
12Singapore
57%

Score Distribution

Percentile by Number Answered

Percent of People with Each Score

Your Score History

You have not taken this quiz